Záložné právo na zabezpečenie daňového nedoplatku (daňovej pohľadávky) po novelizácii zákona o správe daní a poplatkov

Nová úprava záložného práva vykonaná zákonom č. 526/2002 Z.z. Novelizácia zákona o správe daní a poplatkov. Tento zákon nadobúda účinnosť 1. januára 2003 okrem ustanovení uvedených v čl. I trinásty bod par. 789 ods. 3 a 4, ktoré nadobúdajú účinnosť dňom nadobudnutia platnosti zmluvy o pristúpení Slo...

Ausführliche Beschreibung

Gespeichert in:
Bibliographische Detailangaben
Format: Buchkapitel
Sprache:Slowakisch
Schlagworte:
Tags: Tag hinzufügen
Keine Tags, Fügen Sie das erste Tag hinzu!

MARC

LEADER 00000naa a2200000 4500
001 r046891
005 20230927070932.0
041 0 |a slo 
044 |a SK 
245 1 0 |a Záložné právo na zabezpečenie daňového nedoplatku (daňovej pohľadávky) po novelizácii zákona o správe daní a poplatkov 
520 |a Nová úprava záložného práva vykonaná zákonom č. 526/2002 Z.z. Novelizácia zákona o správe daní a poplatkov. Tento zákon nadobúda účinnosť 1. januára 2003 okrem ustanovení uvedených v čl. I trinásty bod par. 789 ods. 3 a 4, ktoré nadobúdajú účinnosť dňom nadobudnutia platnosti zmluvy o pristúpení Slovenskej republiky k Európskym spoločenstvám a k Európskej únii. 
610 2 0 |a právo záložné 
610 2 0 |a dane 
610 2 0 |a poplatky 
610 2 0 |a pohľadávky 
610 2 0 |a zákony 
610 2 0 |a novelizácia 
610 2 0 |a 2002